LIBRARY & INFORMATION CENTRE, KCAET, TAVANUR

ONLINE PUBLIC ACCESS CATALOGUE (OPAC)

Agricultural Statistical Compendium, Vol -1 - Foodgrains Part II (With Suppliment to Part I)/ (Record no. 8790)

MARC details
000 -LEADER
fixed length control field 00383cam a2200121ua 4500
020 ## - INTERNATIONAL STANDARD BOOK NUMBER
ISBN 81-900217-0-2
082 ## - DEWEY DECIMAL CLASSIFICATION NUMBER
Classification number 338.10954
Item number BAN/AG
100 ## - MAIN ENTRY--AUTHOR NAME
Personal name Bansil, P.C.
245 ## - TITLE STATEMENT
Title Agricultural Statistical Compendium, Vol -1 - Foodgrains Part II (With Suppliment to Part I)/
260 ## - PUBLICATION, DISTRIBUTION, ETC. (IMPRINT)
Place of publication New Delhi :
Name of publisher Techno Economic Research Institute ,
Year of publication 1992.
300 ## - PHYSICAL DESCRIPTION
Number of Pages 1312 ; .
942 ## - ADDED ENTRY ELEMENTS (KOHA)
Koha item type Reference
Holdings
Withdrawn status Lost status Damaged status Collection code Home library Current library Shelving location Date acquired Full call number Accession Number Koha item type
      Reference KAUAET KAUAET Reference 07/04/2012 338.10954.BAN/AG 18445 Reference
free website counter